[Event "Faxe Dags EMT 2017"]
[Site "Faxe"]
[Date "2017.05.10"]
[Round "6.11"]
[White "Frederiksen, Helge"]
[Black "Pedersen, Kim Bjorn"]
[Result "0-1"]
[WhiteElo "1296"]
[BlackElo "1609"]
[PlyCount "126"]
[EventDate "2017.??.??"]

1. d4 Nf6 2. c4 g6 3. Nc3 Bg7 4. Nf3 d6 5. Bf4 Nh5 6. Bd2 O-O 7. e3 f5 8. g3 b6
9. Bg2 Bb7 10. O-O e5 11. d5 Nd7 12. Ne1 a6 13. a4 Qe7 14. f3 Rae8 15. Nd3 a5
16. Rb1 Nhf6 17. Nf2 c6 18. e4 fxe4 19. Nfxe4 cxd5 20. Nxf6+ Nxf6 21. Qb3 Qc7
22. Nxd5 Nxd5 23. cxd5 Qc5+ 24. Be3 Bxd5 25. Qxb6 Qxb6 26. Bxb6 Bb3 27. Ra1 Rc8
28. Ra3 Bc4 29. Rd1 d5 30. Bxa5 d4 31. Bf1 Bd5 32. Bg2 Rc2 33. Rd2 Rc1+ 34. Kf2
Bh6 35. Re2 e4 36. Re1 e3+ 37. Kg1 Rxe1+ 38. Bxe1 Bxf3 39. Bxf3 Rxf3 40. Kg2
Rf7 41. Rd3 e2 42. Bf2 Be3 43. Be1 Rf1 44. Bb4 Rd1 45. Ra3 Rf1 46. a5 Rf2+ 47.
Kg1 Rf1+ 48. Kg2 Rc1 49. b3 d3 50. Kf3 Ba7 51. Ra2 Rc2 52. Ra1 Rb2 53. Rc1 Rc2
54. Re1 d2 55. Bxd2 Rxd2 56. Rxe2 Rd3+ 57. Kf4 Bb8+ 58. Kg4 Rxb3 59. Rc2 Kf7
60. Rc5 Rb4+ 61. Kf3 Rb3+ 62. Ke4 Rb4+ 63. Ke3 Ba7 0-1

[Event "Faxe Dags EMT 2017"]
[Site "Faxe"]
[Date "2017.05.10"]
[Round "6.12"]
[White "Larsen, Alex Oksenbol"]
[Black "Nielsen, Henning Sogaard"]
[Result "0-1"]
[WhiteElo "1219"]
[BlackElo "1085"]
[PlyCount "116"]
[EventDate "2017.??.??"]

1. d4 e6 2. e4 Nc6 3. Nf3 d5 4. e5 a6 5. c3 Be7 6. Be3 b5 7. a3 Na7 8. b4 c6 9.
Nbd2 a5 10. Be2 f6 11. O-O Bd7 12. Bf4 Nc8 13. Bg3 Nh6 14. Ne1 axb4 15. axb4
Nb6 16. exf6 Bxf6 17. Bd6 Na4 18. Qc2 Nf7 19. Bg3 e5 20. Nef3 Qe7 21. Rae1 O-O
22. Nb3 Qd6 23. Nh4 Rfe8 24. Bh5 Bxh4 25. Bxf7+ Kxf7 26. Bxh4 e4 27. Bg3 Qg6
28. Re3 Bf5 29. Bf4 Qg4 30. Bd6 Qh5 31. Kh1 g5 32. Rg3 h6 33. f3 Kg8 34. f4 g4
35. Be5 Qg6 36. Re3 Nb6 37. Qf2 Ra7 38. h3 h5 39. hxg4 hxg4 40. Qg3 Rh7+ 41.
Kg1 Nc4 42. Ree1 e3 43. Rxe3 Nxe3 44. Qxe3 Qh5 45. Kf2 Kf7 46. Nc5 Re7 47. Ke2
Qh2 48. Qg1 g3 49. Qxh2 Rxh2 50. Rg1 Ra7 51. Nb3 Ra3 52. Nc1 Rxc3 53. Kd2 Rc2+
54. Kd1 Rb2 55. Ne2 Rb1+ 56. Kd2 Rxg1 57. Nxg1 Rxg2+ 58. Ne2 Bg4 0-1

[Event "Faxe Dags EMT 2017"]
[Site "Faxe"]
[Date "2017.05.10"]
[Round "6.13"]
[White "Mathiasen, Gunnar"]
[Black "Andersen, Hans E"]
[Result "1-0"]
[WhiteElo "1494"]
[BlackElo "1574"]
[PlyCount "121"]
[EventDate "2017.??.??"]

1. e4 e5 2. Nf3 Nc6 3. d4 exd4 4. Nxd4 Nxd4 5. Qxd4 d6 6. Bc4 Be6 7. Bd3 h6 8.
O-O Nf6 9. Nc3 a6 10. Ne2 Ng4 11. Nf4 Bd7 12. h3 Ne5 13. Be2 Rg8 14. Nh5 g6 15.
Ng3 Bg7 16. Qe3 h5 17. f4 Nc6 18. c3 h4 19. Nh1 Bh6 20. Nf2 Qe7 21. Ng4 Bxg4
22. Bxg4 Ne5 23. Qe2 Nxg4 24. hxg4 f5 25. g5 Bg7 26. Qc4 Rf8 27. Re1 O-O-O 28.
Bd2 Qf7 29. Qxf7 Rxf7 30. exf5 gxf5 31. Re6 Rh8 32. Rae1 Kd7 33. g6 Rf6 34.
Re7+ Kc6 35. Rxg7 Rh6 36. Ree7 Rfxg6 37. Rxc7+ Kd5 38. Rxg6 Rxg6 39. Rh7 Rg4
40. Be1 Rxf4 41. Bxh4 Re4 42. Kf2 b6 43. Bf6 Kc4 44. b3+ Kd3 45. Rh3+ Kd2 46.
Bd4 b5 47. Kf3 Kc2 48. b4 Re6 49. Kf4 Re2 50. g3 Kb2 51. Kxf5 Kxa2 52. Rh6 Kb3
53. Rxd6 Ra2 54. g4 a5 55. bxa5 Rxa5 56. Rd5 Kc4 57. Rc5+ Kd3 58. Be5 Ke3 59.
c4 Ra8 60. cxb5 Rf8+ 61. Bf6 1-0

[Event "Faxe Dags EMT 2017"]
[Site "Faxe"]
[Date "2017.05.10"]
[Round "6.14"]
[White "Meldal, Peter"]
[Black "Jacobsen, Knud"]
[Result "0-1"]
[WhiteElo "1158"]
[BlackElo "1107"]
[PlyCount "60"]
[EventDate "2017.??.??"]

1. e4 e5 2. Nf3 Nc6 3. Bc4 Bc5 4. c3 d6 5. O-O Bg4 6. d3 Nge7 7. Bxf7+ Kd7 8.
Nbd2 Rf8 9. Bb3 Rf6 10. Ba4 Qe8 11. h3 Bxf3 12. Nxf3 d5 13. exd5 Nxd5 14. Re1
Kc8 15. Rxe5 Bxf2+ 16. Kxf2 Qxe5 17. Bxc6 bxc6 18. Kg1 Qg3 19. Qe2 Nf4 20. Bxf4
Rxf4 21. Re1 Rxf3 22. d4 Rf8 23. Qe6+ Kb7 24. Qe7 Qd6 25. Qxg7 Qf4 26. Re7 Kb6
27. Qxh7 Rae8 28. Rxe8 Rxe8 29. Qb1 Qg3 30. Qf1 Re1 0-1

[Event "Faxe Dags EMT 2017"]
[Site "Faxe"]
[Date "2017.05.24"]
[Round "7.1"]
[White "Arnkilde, Anders"]
[Black "Petersen, Bent"]
[Result "1/2-1/2"]
[WhiteElo "1974"]
[BlackElo "1885"]
[PlyCount "113"]
[EventDate "2017.??.??"]

1. d4 d5 2. Nc3 e6 3. e4 dxe4 4. Nxe4 Nf6 5. Bd3 Nbd7 6. Nf3 Nxe4 7. Bxe4 Nf6
8. Bd3 Bd6 9. O-O O-O 10. c3 b6 11. Ne5 Bb7 12. Re1 c5 13. Bg5 cxd4 14. cxd4
Be7 15. Bc2 Rc8 16. Qd3 g6 17. Bb3 Nd5 18. Bh6 Re8 19. Qf3 Bf6 20. Rad1 Rc7 21.
Qg3 Bh4 22. Qg4 Bf6 23. Rd3 Bg7 24. Qh3 Bxh6 25. Qxh6 Qf6 26. Rf3 Qg7 27. Qd2
Rec8 28. Ng4 h5 29. Ne5 a5 30. Rg3 Kh7 31. h4 Qh6 32. Qe2 Kg7 33. Nd3 Kg8 34.
Qe5 Qg7 35. f4 Qf6 36. Bxd5 Qxe5 37. Rxe5 Bxd5 38. Rxh5 Bxa2 39. Rb5 Rb8 40. h5
Bc4 41. Rbg5 Bxd3 42. Rxd3 Rc2 43. Rb3 Rd2 44. hxg6 f6 45. Rxa5 Rxd4 46. g3 Kg7
47. Rab5 Rd6 48. Rc3 Kxg6 49. Rc7 Rd1+ 50. Kf2 Rd2+ 51. Ke3 Rbd8 52. Rc3 Rg2
53. Rxb6 Rdd2 54. Rcb3 Rge2+ 55. Kf3 Rf2+ 56. Ke3 Rfe2+ 57. Kf3 1/2-1/2

[Event "Faxe Dags EMT 2017"]
[Site "Faxe"]
[Date "2017.05.24"]
[Round "7.2"]
[White "Nielsen, Per Henrik Axel"]
[Black "Lindskov, Villy"]
[Result "1-0"]
[WhiteElo "1874"]
[BlackElo "1755"]
[PlyCount "80"]
[EventDate "2017.??.??"]

1. Nf3 Nf6 2. c4 g6 3. g3 Bg7 4. Bg2 O-O 5. O-O d6 6. Nc3 c6 7. d4 Nbd7 8. e4
e5 9. Re1 Re8 10. h3 h6 11. Be3 Qe7 12. Qd2 Kh7 13. Rad1 b6 14. dxe5 dxe5 15.
Qd6 Qxd6 16. Rxd6 Bb7 17. Red1 Nf8 18. c5 b5 19. Nd2 Re7 20. Nb3 Ne8 21. Rd8
Ne6 22. R8d7 Rxd7 23. Rxd7 Bc8 24. Rd1 a5 25. a4 b4 26. Ne2 Ra7 27. Nec1 Rd7
28. Rxd7 Bxd7 29. Nxa5 N8c7 30. Bf1 Nd4 31. Bxd4 exd4 32. Bc4 f5 33. exf5 gxf5
34. Nd3 Bf8 35. Nb3 Be6 36. Bxe6 Nxe6 37. a5 Nc7 38. Nxd4 Na6 39. Nxc6 Bxc5 40.
Nxc5 Nxc5 1-0

[Event "Faxe Dags EMT 2017"]
[Site "Faxe"]
[Date "2017.05.24"]
[Round "7.3"]
[White "Stuhr, Finn"]
[Black "Andersen, Bjarne Hjorth"]
[Result "1/2-1/2"]
[WhiteElo "1636"]
[BlackElo "1914"]
[PlyCount "75"]
[EventDate "2017.??.??"]

1. e4 d5 2. exd5 Nf6 3. Bc4 Nxd5 4. Ne2 g6 5. c3 Bg7 6. d4 O-O 7. O-O c6 8. Nf4
Nxf4 9. Bxf4 Nd7 10. d5 Nb6 11. Bb3 Nxd5 12. Bg5 Nf6 13. Qe2 Qc7 14. h3 Bf5 15.
Nd2 Rad8 16. Rfe1 Rd7 17. Nf3 h6 18. Be3 Bd3 19. Qd1 Be4 20. Qe2 Bxf3 21. Qxf3
e6 22. Bf4 Qb6 23. Bxh6 Bxh6 24. Qxf6 Rd2 25. Rad1 Bg7 26. Qg5 Qxf2+ 27. Kh1
Bh6 28. Qg4 Kg7 29. Rf1 Rxd1 30. Qxd1 Qg3 31. Rf3 Qg5 32. Qf1 Qc1 33. Bd1 f5
34. Qe2 Kf6 35. Rf1 Qd2 36. Qc4 Rd8 37. Bb3 Rd5 38. Qh4+ 1/2-1/2

[Event "Faxe Dags EMT 2017"]
[Site "Faxe"]
[Date "2017.05.24"]
[Round "7.4"]
[White "Zachariassen, John"]
[Black "Hansen, Aage"]
[Result "1-0"]
[WhiteElo "1834"]
[BlackElo "1676"]
[PlyCount "63"]
[EventDate "2017.??.??"]

1. c4 e6 2. Nf3 Nf6 3. g3 Be7 4. Bg2 O-O 5. O-O c6 6. Nc3 Na6 7. d4 Nc7 8. e4
d5 9. Qe2 Bb4 10. e5 Nfe8 11. Bd2 Bxc3 12. Bxc3 dxc4 13. Qxc4 Nd5 14. Bd2 Bd7
15. Rac1 Nec7 16. Ng5 h6 17. Ne4 f5 18. exf6 Nxf6 19. Nc5 Rb8 20. Bf4 Nfd5 21.
Be5 Bc8 22. Qe2 b6 23. Ne4 Qd7 24. Qg4 Rf7 25. Qg6 Ne7 26. Qg4 Kh8 27. Nd6 Nf5
28. Nxf7+ Qxf7 29. Rxc6 Rb7 30. Rfc1 h5 31. Qg5 Nxd4 32. Bxd4 1-0

[Event "Faxe Dags EMT 2017"]
[Site "Faxe"]
[Date "2017.05.24"]
[Round "7.5"]
[White "Heidelbach, John"]
[Black "Refsgaard, Kaj"]
[Result "0-1"]
[WhiteElo "1866"]
[BlackElo "1625"]
[PlyCount "92"]
[EventDate "2017.??.??"]

1. d4 d5 2. c4 c6 3. e3 g6 4. Nf3 Bg7 5. Nbd2 Nf6 6. Bd3 O-O 7. O-O Qc7 8. b3
Nbd7 9. Bb2 Nb6 10. Rc1 Bg4 11. h3 Bxf3 12. Nxf3 Nbd7 13. Qc2 Rfe8 14. Rfe1
Rac8 15. cxd5 Nxd5 16. a3 Qd6 17. e4 Nf4 18. Bf1 e5 19. Nxe5 Nxe5 20. dxe5 Bxe5
21. Rcd1 Qe7 22. g3 Bxb2 23. Qxb2 Nh5 24. b4 Rcd8 25. Rxd8 Rxd8 26. Qc3 Qd7 27.
Re3 Qd4 28. Qb3 Ng7 29. Rd3 Qb6 30. Rxd8+ Qxd8 31. Qe3 b6 32. Bc4 Qd7 33. Qf4
Nh5 34. Qg4 Qd4 35. Qc8+ Kg7 36. Qxc6 Nxg3 37. Qd5 Qxd5 38. Bxd5 Ne2+ 39. Kg2
Nf4+ 40. Kg3 Nxd5 41. exd5 f5 42. f4 Kf6 43. Kf3 Ke7 44. Ke3 Kd6 45. Kd4 b5 46.
h4 h5 0-1

[Event "Faxe Dags EMT 2017"]
[Site "Faxe"]
[Date "2017.05.24"]
[Round "7.6"]
[White "Sorensen, Lindved"]
[Black "Pedersen, Kim Bjorn"]
[Result "0-1"]
[WhiteElo "1695"]
[BlackElo "1609"]
[PlyCount "90"]
[EventDate "2017.??.??"]

1. Nf3 Nf6 2. c4 g6 3. b3 Bg7 4. Bb2 O-O 5. g3 d6 6. Bg2 e5 7. d3 Nc6 8. O-O
Bd7 9. Nbd2 Rb8 10. Rc1 Re8 11. Ng5 b5 12. cxb5 Nb4 13. a4 h6 14. Nge4 a6 15.
Ba3 a5 16. Bxb4 axb4 17. Rc4 Nxe4 18. Bxe4 Bh3 19. Bg2 Bxg2 20. Kxg2 d5 21. Rc6
e4 22. Qc2 exd3 23. Qxd3 Rb6 24. Rfc1 Bc3 25. Rc5 Rd6 26. e3 Qe7 27. Nf3 Qd7
28. R1xc3 bxc3 29. Qxc3 Re7 30. Ne5 Qf5 31. Nc6 Red7 32. Nd4 Qe4+ 33. f3 Qe7
34. Nc6 Qe6 35. Ne5 Re7 36. f4 g5 37. Rxc7 Rxc7 38. Qxc7 d4 39. exd4 Rxd4 40.
Qc3 Qd5+ 41. Nf3 Rd3 42. Qc8+ Kg7 43. Qg4 f5 44. Qh5 g4 45. Qxg4+ fxg4 0-1

[Event "Faxe Dags EMT 2017"]
[Site "Faxe"]
[Date "2017.05.24"]
[Round "7.8"]
[White "Gregor, Jan"]
[Black "Eckert, Svend"]
[Result "1-0"]
[WhiteElo "1530"]
[BlackElo "1628"]
[PlyCount "151"]
[EventDate "2017.??.??"]

1. e4 c6 2. c4 e5 3. Nf3 Qc7 4. Nc3 d6 5. d4 exd4 6. Nxd4 g6 7. Be3 Bg7 8. Be2
Nf6 9. O-O O-O 10. f4 Re8 11. Qc2 Na6 12. Nf3 Ng4 13. Qd2 Nxe3 14. Qxe3 Nc5 15.
Nd2 Bf5 16. Bf3 Re7 17. g4 Ne6 18. Nb3 Bxc3 19. bxc3 Ng7 20. gxf5 Nxf5 21. Qd3
Nh4 22. Rad1 Rd8 23. e5 Red7 24. Bg4 Nf5 25. Bxf5 gxf5 26. Qxf5 dxe5 27. Rxd7
Rxd7 28. Qxe5 Qxe5 29. fxe5 Rd3 30. Rc1 Re3 31. Nc5 Rxe5 32. Nxb7 Re2 33. a4
Rb2 34. Nc5 Re2 35. Rd1 Re5 36. Nd7 Re3 37. Rd4 f5 38. Nb8 Rxc3 39. Nxc6 Ra3
40. c5 Rc3 41. Rd5 f4 42. Rf5 Kg7 43. Ne7 Rc4 44. c6 a6 45. a5 h6 46. h4 Rc1+
47. Kf2 Rc2+ 48. Kf3 Rc3+ 49. Kxf4 Rc4+ 50. Kg3 Rc3+ 51. Rf3 Rc5 52. Nf5+ Kf6
53. Nxh6+ Ke6 54. Ng4 Kd6 55. Rf6+ Kc7 56. Kf4 Rxa5 57. Ne5 Ra4+ 58. Kg5 Re4
59. Re6 a5 60. h5 a4 61. Kf5 Re1 62. Re7+ Kc8 63. Ra7 Rh1 64. Kg5 Rg1+ 65. Ng4
Rc1 66. Ne5 Rg1+ 67. Kf6 Rh1 68. Kg6 Rg1+ 69. Kh7 Rg5 70. Nf7 Rxh5+ 71. Kg6 Rc5
72. Nd6+ Kb8 73. Rb7+ Ka8 74. c7 Rc6 75. Rb8+ Ka7 76. c8=Q 1-0

[Event "Faxe Dags EMT 2017"]
[Site "Faxe"]
[Date "2017.05.24"]
[Round "7.9"]
[White "Skotte, Niels Peder"]
[Black "Nielsen, Kurt Sogaard"]
[Result "0-1"]
[WhiteElo "1333"]
[BlackElo "1710"]
[PlyCount "118"]
[EventDate "2017.??.??"]

1. d4 Nf6 2. Nf3 e6 3. Bf4 d5 4. e3 Nbd7 5. Bd3 c5 6. c3 Qb6 7. Qb3 c4 8. Qxb6
Nxb6 9. Bc2 Be7 10. h3 O-O 11. Nbd2 Bd7 12. O-O Nh5 13. Bh2 f5 14. Ne5 Be8 15.
Bd1 Nf6 16. f4 Nbd7 17. Nxd7 Nxd7 18. b3 b5 19. bxc4 bxc4 20. Ba4 Nb6 21. Bxe8
Rfxe8 22. a4 a5 23. Nf3 Nd7 24. Rfb1 Rab8 25. Rb5 Rxb5 26. axb5 Bd8 27. Ne5
Nxe5 28. fxe5 Bb6 29. Bg3 Rb8 30. Be1 Bd8 31. b6 Bxb6 32. Rb1 a4 33. Bd2 a3 34.
Bc1 a2 35. Ra1 Ra8 36. Kf1 g5 37. g3 Bd8 38. Ke2 h5 39. Bb2 Kg7 40. Kf3 Be7 41.
Kg2 Kg6 42. Kf3 g4+ 43. hxg4 fxg4+ 44. Kg2 Bg5 45. Kf2 h4 46. gxh4 Bxh4+ 47.
Kg2 Be7 48. Kg3 Kg5 49. Bc1 Kf5 50. Bb2 Bg5 51. Bc1 Ke4 52. Kxg4 Bxe3 53. Bb2
Kd3 54. Rh1 Kc2 55. Ba1 Bc1 56. Rh2+ Kb1 57. Rh1 Kxa1 58. Rxc1+ Kb2 59. Rf1
Kxc3 0-1

[Event "Faxe Dags EMT 2017"]
[Site "Faxe"]
[Date "2017.05.24"]
[Round "7.10"]
[White "Hansen, Borge"]
[Black "Adrian, Michael"]
[Result "1/2-1/2"]
[WhiteElo "1523"]
[BlackElo "1505"]
[PlyCount "83"]
[EventDate "2017.??.??"]

1. d4 d5 2. c4 c6 3. e3 e6 4. a3 Bd6 5. Nf3 f5 6. Be2 Nd7 7. Nbd2 Ngf6 8. O-O
O-O 9. c5 Bc7 10. Ng5 Qe7 11. f4 a5 12. Rb1 b5 13. b4 a4 14. Ngf3 Ne4 15. Nxe4
dxe4 16. Ne5 Nxe5 17. fxe5 g5 18. Rb2 Bd7 19. Bd2 Be8 20. Qc1 Rd8 21. Be1 h5
22. Bd1 Qg7 23. Rbf2 Qh6 24. Bc2 Rf7 25. Bd1 Rg7 26. Bc2 Rf7 27. Bd2 h4 28. Be1
Rdd7 29. Re2 Rh7 30. Qb2 Bd8 31. Qa2 Kh8 32. Ref2 Rhf7 33. Qb2 g4 34. Re2 Bg5
35. Bd2 Rf8 36. Qc1 Bh5 37. Ree1 Rdf7 38. Bb1 Bg6 39. Qd1 Bh5 40. Qc1 Bg6 41.
Ba2 Bh5 42. Bb1 1/2-1/2

[Event "Faxe Dags EMT 2017"]
[Site "Faxe"]
[Date "2017.05.24"]
[Round "7.11"]
[White "Jakobsen, Henning"]
[Black "Mathiasen, Gunnar"]
[Result "1/2-1/2"]
[WhiteElo "1352"]
[BlackElo "1494"]
[PlyCount "96"]
[EventDate "2017.??.??"]

1. d4 Nf6 2. c4 d5 3. Nc3 e6 4. Bg5 h6 5. Bxf6 gxf6 6. e3 dxc4 7. Bxc4 Nc6 8.
a3 Rg8 9. g3 Bd7 10. b4 Ne7 11. Ne4 Nf5 12. Nf3 Bc6 13. d5 exd5 14. Bxd5 Be7
15. Bxc6+ bxc6 16. Qc2 Qd5 17. Rd1 Qb5 18. Qd3 Nd6 19. Nd4 Qxd3 20. Nxd6+ cxd6
21. Rxd3 c5 22. bxc5 dxc5 23. Nf5 Bf8 24. O-O Rg5 25. Nd6+ Bxd6 26. Rxd6 Ke7
27. Rfd1 Re5 28. Rc6 Rb8 29. Rc7+ Kf8 30. Rdd7 Rb3 31. Rxf7+ Kg8 32. Rfd7 Rb8
33. Rxa7 Rc8 34. Rg7+ Kh8 35. Rh7+ Kg8 36. Rag7+ Kf8 37. Rf7+ Kg8 38. Rd7 c4
39. Rxh6 c3 40. Rdh7 Rc6 41. Rh8+ Kg7 42. R6h7+ Kg6 43. Rh6+ Kg7 44. R8h7+ Kg8
45. Rb7 c2 46. Rg6+ Kh8 47. Rh6+ Kg8 48. Rg6+ Kh8 1/2-1/2

[Event "Faxe Dags EMT 2017"]
[Site "Faxe"]
[Date "2017.05.24"]
[Round "7.12"]
[White "Laursen, Kurt Kjaer"]
[Black "Frederiksen, Helge"]
[Result "1/2-1/2"]
[WhiteElo "1629"]
[BlackElo "1296"]
[PlyCount "51"]
[EventDate "2017.??.??"]

1. d4 Nf6 2. c4 e6 3. Nf3 d5 4. e3 c5 5. cxd5 Nxd5 6. Bb5+ Bd7 7. Be2 Be7 8.
O-O O-O 9. a3 Nc6 10. Nc3 cxd4 11. Nxd5 exd5 12. Nxd4 Bf6 13. Nf3 Be6 14. Rb1
a5 15. b3 Bf5 16. Bd3 Be4 17. Bb2 Bxb2 18. Rxb2 f5 19. Qe2 Qf6 20. Rc2 Rad8 21.
Nd2 Bxd3 22. Qxd3 d4 23. Qc4+ Rf7 24. exd4 Rxd4 25. Qb5 Qd8 26. Nf3 1/2-1/2

[Event "Faxe Dags EMT 2017"]
[Site "Faxe"]
[Date "2017.05.24"]
[Round "7.13"]
[White "Jacobsen, Knud"]
[Black "Larsen, Alex Oksenbol"]
[Result "0-1"]
[WhiteElo "1107"]
[BlackElo "1219"]
[PlyCount "46"]
[EventDate "2017.??.??"]

1. e4 c5 2. Nf3 Nc6 3. Bb5 g6 4. O-O Bg7 5. c3 d6 6. d4 Bd7 7. d5 Ne5 8. Bxd7+
Qxd7 9. Nxe5 Bxe5 10. Re1 Bg7 11. f4 O-O-O 12. Qb3 h5 13. c4 h4 14. h3 Nh6 15.
Nc3 Bxc3 16. Qxc3 Rh7 17. e5 Nf5 18. e6 fxe6 19. Rxe6 Nd4 20. Re4 Qf5 21. Qd3
Re8 22. Be3 Ne2+ 23. Kh2 Ng3 0-1

[Event "Faxe Dags EMT 2017"]
[Site "Faxe"]
[Date "2017.05.24"]
[Round "7.14"]
[White "Andersen, Hans E"]
[Black "Meldal, Peter"]
[Result "1-0"]
[WhiteElo "1574"]
[BlackElo "1158"]
[PlyCount "127"]
[EventDate "2017.??.??"]

1. e4 e5 2. Bc4 Nf6 3. d3 Be7 4. Nf3 d6 5. Nc3 a6 6. Nd5 Nxd5 7. Bxd5 c6 8. Bb3
Nd7 9. a3 O-O 10. Be3 Nf6 11. h3 Qc7 12. Qd2 b5 13. O-O Bb7 14. Ng5 Rad8 15. f4
d5 16. fxe5 Qxe5 17. Nf3 Qb8 18. Bf4 Qc8 19. e5 Ne8 20. Rae1 Bc5+ 21. d4 Bb6
22. c3 Nc7 23. Bc2 Ne6 24. Qd3 g6 25. Bh6 Rfe8 26. Nh4 c5 27. Qf3 Rd7 28. dxc5
Bxc5+ 29. Kh1 d4 30. Be4 Bxe4 31. Rxe4 d3 32. Rd1 Qd8 33. Rd2 Ng5 34. Bxg5 Qxg5
35. Rxd3 Rxd3 36. Qxd3 Qc1+ 37. Kh2 Qxb2 38. Qd7 Rf8 39. e6 fxe6 40. Qxe6+ Rf7
41. Qc8+ Kg7 42. Qxc5 Qc2 43. Re7 Qb3 44. Qe5+ Kh6 45. Rxf7 Qxf7 46. Nf3 Qf8
47. Qe3+ Kg7 48. Qd4+ Kh6 49. Qe3+ Kg7 50. Qd4+ Kh6 51. Qb4 Qf6 52. Qh4+ Qxh4
53. Nxh4 Kg5 54. Kg3 h5 55. Nf3+ Kf5 56. Kf2 Kf4 57. g3+ Ke4 58. Ke2 a5 59.
Nd2+ Ke5 60. Ke3 Kd5 61. Kf4 Ke6 62. Kg5 Kf7 63. Nf3 a4 64. Nd4 1-0